Rethinking Teacher Education for the 21st Century (Record no. 182218)

MARC details
000 -LEADER
fixed length control field 00391nmm a2200121Ia 4500
245 #0 - TITLE STATEMENT
Title Rethinking Teacher Education for the 21st Century
260 ## - PUBLICATION, DISTRIBUTION, ETC. (IMPRINT)
Place of publication Verlag Barbara Budrich
Year of publication 2019
650 ## - SUBJECT ADDED ENTRY--TOPICAL TERM
Topical Term Film Studies ; Communication Studies
856 ## - ELECTRONIC LOCATION AND ACCESS
Uniform Resource Identifier https://www.jstor.org/stable/10.2307/j.ctvpb3xhh
942 ## - ADDED ENTRY ELEMENTS (KOHA)
Koha item type
Holdings
Withdrawn status Lost status Damaged status Not for loan Permanent Location Current Location Date acquired Price effective from Koha item type
        Library and Documentation Division NCERT Library and Documentation Division NCERT 11/19/2024 11/19/2024